| 000 | 00540nam a2200157 4500 | ||
|---|---|---|---|
| 001 | 112262 | ||
| 003 | ES-MaACL | ||
| 005 | 20230906185503.0 | ||
| 007 | t| | ||
| 008 | 061121s1912 sp r ||||1| spa d | ||
| 100 | 1 |
_aNido y Segalerva, Juan del. _985616 |
|
| 245 | 1 | 0 |
_aIntento de reconstituir la España _b: estudio crítico-histórico del significado del cambio de dinastia de la Casa de Austria a la de Borbón. |
| 260 |
_aMadrid : _b[s. n.], _c1912 ( _fImp. Española) |
||
| 300 |
_a376 p. ; _c25 x 17 cm. |
||
| 852 |
_aES-MaACL _jF-9699 |
||
| 999 |
_c112262 _d112262 |
||